William Blake - The Tyger - Statistics

General Stats
  • This quiz has been taken 33 times
  • The average score is 48 of 143
Answer Stats
Hint Answer % Correct
11 Tyger
100%
11 Tyger,
100%
11 burning
96%
11 bright,
91%
12 In
87%
12 the
87%
12 night;
83%
12 of
83%
12 the
83%
14 symmetry?
78%
13 eye,
70%
14 fearful
65%
13 or
65%
14 thy
65%
14 frame
61%
14 Could
57%
12 forests
57%
13 hand
57%
13 What
57%
13 immortal
52%
61 burning
48%
61 Tyger
48%
61 Tyger
48%
61 bright,
43%
21 In
43%
21 skies.
43%
21 what
43%
62 In
39%
62 the
39%
21 deeps
35%
21 distant
35%
62 night:
35%
62 of
35%
21 or
35%
62 the
35%
31 &
30%
31 And
30%
31 art,
30%
22 Burnt
30%
54 Did
30%
63 eye,
30%
22 eyes?
30%
22 fire
30%
62 forests
30%
54 he
30%
54 Lamb
30%
54 made
30%
54 make
30%
22 of
30%
63 or
30%
31 shoulder,
30%
64 symmetry?
30%
22 the
30%
41 the
30%
54 the
30%
54 thee?
30%
22 thine
30%
31 what
30%
31 what
30%
34 What
30%
41 What
30%
54 who
30%
34 &
26%
33 And
26%
23 aspire?
26%
33 beat.
26%
33 began
26%
32 Could
26%
23 dare
26%
53 Did
26%
33 thy
26%
34 dread
26%
34 dread
26%
64 fearful
26%
34 feet?
26%
24 fire?
26%
64 frame
26%
24 hand,
26%
34 hand?
26%
63 hand
26%
23 he
26%
32 heart?
26%
33 heart
26%
63 immortal
26%
32 of
26%
23 On
26%
24 seize
26%
32 sinews
26%
24 the
26%
32 the
26%
32 thy
26%
64 thy
26%
33 to
26%
32 twist
26%
23 what
26%
24 What
26%
34 what
26%
63 What
26%
33 when
26%
52 And
22%
41 chain,
22%
24 dare
22%
64 Dare
22%
51 down
22%
41 hammer?
22%
53 he
22%
53 his
22%
53 see?
22%
51 spears
22%
51 stars
22%
52 tears:
22%
24 the
22%
41 the
22%
43 the
22%
51 the
22%
51 their
22%
51 threw
22%
53 to
22%
41 what
22%
43 What
22%
51 When
22%
23 wings
22%
53 work
22%
43 anvil?
17%
42 brain?
17%
44 clasp?
17%
44 Dare
17%
44 deadly
17%
43 dread
17%
42 furnace
17%
43 grasp,
17%
52 heaven
17%
42 In
17%
44 its
17%
53 smile
17%
44 terrors
17%
52 their
17%
42 thy
17%
42 was
17%
52 water’d
17%
42 what
17%
43 what
17%
52 with
17%
No matching quizzes found
Score Distribution
Percent of People with Each Score
Percentile by Number Answered
Your Score History
You have not taken this quiz